000 00719nam a2200265Ia 4500
001 18551
005 20240113235850.0
007 ta
008 060119s1961 a g b000 u asm u
040 _aCotton College,Assam
041 _aasm
082 _a891.4142
_bP 573 M
100 _aPiyar, Alimunnisa .
245 0 _aMaj Nisha Tarai Uchupe (Galpa Sangrah) /
_cAlimunnisa Piyar.
_hTextual Documents
250 _a2nd ed. /
260 _aGuwahati :
_bLawyers Book Stall ,
_c1961.
300 _a147p. :
_bill ;
_c17cm .
653 _aAssamese Fiction-Collections
653 _aG-Assamese
653 _aT/G-Assamese
942 _2ddc
_cBK
999 _c18533
_d18533